On This Day: February 19th II Quiz Stats

 Plays Quiz Updated Feb 19, 2018

Score 0/7 Timer 03:00
0 Plays Today
Question Answer Wrong Answers
Called Operation Detachment, about 30,000 United States Marines land on this Japanese island, beginning a major battle of the Pacific Theater of WWII.
1945
Iwo Jima
93.6%
Yakushima
3.2%
Gajajima
0.5%
Shōdoshima
0.9%
This former Vice President, known for his famous duel with Alexander Hamilton, is arrested for treason in Wakefield, Alabama.
1807
Aaron Burr
93%
George Clinton
1.9%
Elbridge Gerry
2.3%
Daniel D. Tompkins
2.7%
Thomas Edison patents this device, used for the mechanical recording and reproduction of sound.
1878
Phonograph
89.9%
Microphone
6%
Paleophone
0.8%
Radio Receiver
1.9%
Known as the ‘Peach State’, ______ approves the first literature censorship board in the United States.
1953
Georgia
89.6%
Florida
3.1%
Alabama
4.4%
Mississippi
1.3%
The first group of rescuers reaches this well-known group of American pioneers, who spent the winter of 1846–47 snowbound in the Sierra Nevada.
1847
Donner Party
81.2%
Conner Party
9.9%
Donald Party
4.8%
Colin Party
3.1%
This English singer-songwriter, known for his international hits like ‘Kiss from a Rose’, is born.
1963
Seal
78.1%
George Michael
14%
Robbie Williams
2%
Morrissey
3.9%
Responding to pleas from church and trade union leaders, US President Ronald Reagan lifts the trade boycott against this country, citing progress on human rights.
1987
Poland
13.1%
Cuba
16%
China
34.5%
South Africa
34.1%

You're not logged in!

Compare scores with friends on all Sporcle quizzes.
OR
Log In

Sporcle TV

Today on Sporcle TV


Watch our educational content, quiz creation guides, and fun videos on Sporcle TV.

Show Comments

Extras

Top Quizzes Today


Score Distribution

Your Account Isn't Verified!

In order to create a playlist on Sporcle, you need to verify the email address you used during registration. Go to your Sporcle Settings to finish the process.

Report this User

Report this user for behavior that violates our Community Guidelines.

Details: